000 00659nam a2200229Ia 4500
003 OSt
005 20220928111340.0
006 a|||||r|||| 00| 0
007 ta
008 220927b |||||||| |||| 00| 0 eng d
024 _a109710
037 _cAnnuals, Advances
040 _aSDCL
_cSDCL
_beng
041 _2eng
_aeng
082 _aP15,CX1,1,6, N7.2
100 _aDixit mahamahouppadyay Au.
_9423341
245 0 _avaiyakaran shidhant koimadi
260 _aDelhi
_bBhrtibook corporation.
_c1997
300 _a754p.
_ccm.
942 _hP15,CX1,1,6, N7.2
_cREF
_2CC
999 _c739852
_d739852